Kesan perubahan sosial terhadap hukum Islam

Bibliographic Details
Main Author: Muhammad Firdaus Nurul Huda
Format: Book
Published: Selangor : Thinker's Library , 2002
Subjects:

MARC

LEADER 00000cam a2200000 7i4500
001 0000027190
005 20090820.0
008 090820
020 |a 967690354X 
090 0 0 |a 340.59   |b MUH 
100 1 |a Muhammad Firdaus Nurul Huda 
245 1 0 |a Kesan perubahan sosial terhadap hukum Islam   |c Muhammad Firdaus Nurul Huda 
260 |a Selangor :   |b Thinker's Library ,   |c 2002 
650 0 |a Islamic law 
650 0 |a Social change   |x religious aspects   |x Islam 
999 |a 0001058832   |b Book   |c Adult Collection   |e Perbadanan Perpustakaan Awam Johor 
999 |a 0001058833   |b Book   |c Adult Collection   |e Perbadanan Perpustakaan Awam Johor 
999 |a 0001058834   |b Book   |c Adult Collection   |e Perbadanan Perpustakaan Awam Johor